000 00870nam a2200301 a 4500
001 57806
003 CO-BoRNBP
005 20250730162549.0
007 ta
008 870526s1985 sp a jr 00011 spa d
020 _a8420433020
020 _a9582400129
040 _ala
_cla
041 0 _aspa
043 _ae-sp---
082 0 4 _aI863.6
_bA56h1
_219 ed.
100 1 _aAlonso, Fernando,
_d1941-
_961678
245 1 3 _aEl hombrecito vestido de gris y otros cuentos /
_cFernando Alonso ; ilustraciones de Ulises Wensell.
250 _a8a. ed.
300 _a93 p. :
_bil. ;
_c22 cm.
336 _2rdacontent
_atexto
_btxt
337 _2rdamedia
_asin mediación
_bn
338 _2rdacarrier
_avolumen
_bnc
650 7 _aCuentos infantiles espaƱoles.
_2BLAAUTO
_9725
700 1 _aWensell, Ulises,
_d1945-
_eil.
_961679
942 _2ddc
_cBK
949 _an
_bn
999 _c57806
_d57806